| 000 | 00990nam a2200241Ia 4500 | ||
|---|---|---|---|
| 001 | 16001 | ||
| 003 | GE_BSU | ||
| 008 | 181216s||||||||xx |||||||||||||| ||und|| | ||
| 040 | _cGE_BSU | ||
| 080 | _a355.48(47+57)"1942 | ||
| 100 | _aჯანჯღავა, ვარლამ | ||
| 245 | _aაჯიმუშკაის ტრაგედია | ||
| 245 | _bქერჩი და ქერჩის რ-ნი სამამულო ომის წლებში | ||
| 245 | _cრედ. კ. ლორთქიფანიძე. მხ.გ.გელაშვილი | ||
| 260 | _aთბილისი | ||
| 260 | _bნაკადული | ||
| 260 | _c1971 | ||
| 300 | _a86გვ. : ილ. ; 20სმ | ||
| 653 | _aაჯიმუშკაის ტრაგედია | ||
| 653 | _aქერჩი და ქერჩის რ-ნი სამამულო ომის წლებში | ||
| 653 | _aქერჩის ბრძოლა; | ||
| 942 | _cBK | ||
| 999 |
_c49094 _d49094 |
||